La idea del descubrimiento de América: historia de esa interpretación y crítica de sus fundamentos
Αποθηκεύτηκε σε:
| Κύριος συγγραφέας: | |
|---|---|
| Μορφή: | Βιβλίο |
| Γλώσσα: | Ισπανικά |
| Έκδοση: |
Ciudad de México
Centro de Estudios Filosóficos
1951
|
| Θέματα: | |
| Ετικέτες: |
Προσθήκη ετικέτας
Δεν υπάρχουν, Καταχωρήστε ετικέτα πρώτοι!
|
MARC
| LEADER | 00000nam a2200000 a 4500 | ||
|---|---|---|---|
| 001 | UCO2869 | ||
| 003 | CL-VaPUC | ||
| 008 | 000608e19510000MX |||||||||||||||||spa|d | ||
| 082 | 0 | 4 | |a 980.001 |b OGO |2 21 |
| 100 | |a O'Gorman, Edmundo |e autor |9 876844 | ||
| 245 | 1 | 3 | |a La idea del descubrimiento de América: historia de esa interpretación y crítica de sus fundamentos |
| 300 | |a 417 p | ||
| 942 | |c BK | ||
| 945 | |d 20000608 00:00:00 |a rherrera | ||
| 260 | |a Ciudad de México |b Centro de Estudios Filosóficos |c 1951 | ||
| 650 | 0 | |a Historia de América |9 266076 | |
| 650 | 0 | |a Filosofía de la historia |9 265651 | |
| 650 | 7 | |a DESCUBRIMIENTO DE AMERICA |2 CL-VaPUC |9 446565 | |
| 651 | 0 | |a América |9 255182 | |
| 583 | |a last modification |c 20000608 00:00:00 |k Rodrigo Vera | ||
| 999 | |c 289362 |d 289360 | ||
| 952 | |0 0 |1 0 |4 0 |6 980_001000000000000_OGO_1951 |7 0 |8 A |9 337697 |a BIBHIS |b BIBHIS |d 2019-11-20 |i 1288466 |l 5 |o 980.001 OGO 1951 |p 1288466 |r 2025-03-24 |s 2025-03-17 |w 2019-11-20 |y BK |k HIS | ||